banner koha

O compliance na prática (Registro n. 299187)

MARC details
000 -LÍDER
fixed length control field 00793nab a2200265 4500
003 - CÓDIGO MARC DA AGÊNCIA CATALOGADORA
Campo de controle BR-BrBNA
005 - DATA E HORA DA ÚLTIMA ATUALIZAÇÃO
Campo de controle 20240415235727.0
008 - CAMPO DE TAMANHO FIXO
fixed length control field 240415b bl.||||| |||| 00| 0 por d
040 ## - FONTE DA CATALOGAÇÃO
Agência catalogadora BR-BrBNA
Idioma da catalogação por
072 ## - CATEGORIA AGRIS
Código AGRIS D50
100 ## - ENTRADA PRINCIPAL - NOME PESSOAL
Nome pessoal Martins, Renan Santos
245 ## - TÍTULO PRINCIPAL
Título principal O compliance na prática
500 ## - NOTA GERAL
Nota geral 1 illus.
942 ## - ADDED ENTRY ELEMENTS (KOHA)
Koha item type
650 ## - ASSUNTO - THESAGRO
Cabeçalho tópico ou nome geográfico NORMA
650 ## - ASSUNTO - THESAGRO
Cabeçalho tópico ou nome geográfico NORMALIZAÇÃO
650 ## - ASSUNTO - THESAGRO
Cabeçalho tópico ou nome geográfico GESTÃO
650 ## - ASSUNTO - THESAGRO
Cabeçalho tópico ou nome geográfico CONTROLE DE QUALIDADE
650 ## - ASSUNTO - THESAGRO
Cabeçalho tópico ou nome geográfico ANÁLISE DE RISCO
650 ## - ASSUNTO - THESAGRO
Cabeçalho tópico ou nome geográfico MONITORAMENTO
650 ## - ASSUNTO - THESAGRO
Cabeçalho tópico ou nome geográfico REGULAMENTAÇÃO
650 ## - ASSUNTO - THESAGRO
Cabeçalho tópico ou nome geográfico LEGISLAÇÃO
773 0# - ENTRADA ANALÍTICA
Host Biblionumber 9543
Registro do item 314237
Imprenta São Paulo - SP: Editora Stilo, 2021.
Outro identificador 2024-0574
Título Revista Graxaria Brasileira (Brasil)
Colação v. 11(64) p. 46-47; (Jul-Aug 2018)
Número de controle de registro BR2024000561

Nenhum exemplar disponível.

BINAGRI

Telefone: (61)3218-2567/2388/3357/2097 - binagri@agro.gov.br

Ministério da Agricultura e Pecuária , Esplanada dos Ministérios, Bloco D, Anexo B, Brasília/DF, CEP: 70.043-900